| 000 | 01383nam a2200325Ia 4500 | ||
|---|---|---|---|
| 001 | ebr10231646 | ||
| 003 | CaPaEBR | ||
| 006 | m u | ||
| 007 | cr cn||||||||| | ||
| 008 | 070224s2007 enkb sb 001 0 eng d | ||
| 020 | _z9781845114725 | ||
| 020 | _z1845114728 | ||
| 040 |
_aCaPaEBR _cCaPaEBR |
||
| 035 | _a(OCoLC)290582444 | ||
| 050 | 1 | 4 |
_aHD595 _b.B85 2007eb |
| 100 | 1 | _aBujak, Edward. | |
| 245 | 1 | 0 |
_aEngland's rural realms _h[electronic resource] : _blandholding and the agricultural revolution / _cEdward Bujak. |
| 260 |
_aLondon ; _aNew York : _bTauris Academic Studies, _c2007. |
||
| 300 |
_a270 p. : _bmaps. |
||
| 490 | 1 |
_aInternational library of economics ; _v2 |
|
| 504 | _aIncludes bibliographical references (p. [239]-254) and index. | ||
| 533 |
_aElectronic reproduction. _bPalo Alto, Calif. : _cebrary, _d2009. _nAvailable via World Wide Web. _nAccess may be limited to ebrary affiliated libraries. |
||
| 650 | 0 |
_aLand use, Rural _zGreat Britain _xHistory _y19th century. |
|
| 650 | 0 |
_aLand tenure _zGreat Britain _y19th century. |
|
| 651 | 0 |
_aGreat Britain _xSocial conditions _y19th century. |
|
| 655 | 7 |
_aElectronic books. _2local |
|
| 710 | 2 | _aebrary, Inc. | |
| 830 | 0 |
_aInternational library of economics ; _v2. |
|
| 856 | 4 | 0 |
_uhttp://site.ebrary.com/lib/rucke/Doc?id=10231646 _zAn electronic book accessible through the World Wide Web; click to view |
| 999 |
_c25660 _d25660 |
||